Zeměpisný zlomek o zemích Slovanů v Královské knihovně mnichovské z doby sv. Cyrilla a Methoda

Bibliographic Details
Main Author: Přikryl, František, 1857-1939 (Author)
Format: Book
Language:Czech
Published: [Bílovice] Černý Drak 2020
Edition:Vydání 2.
Series:Slovanská knihovnička
Subjects:

MARC

LEADER 00000cam a2200000 4500
001 vtls012007209
003 SK-MaSNL
005 20260301150222.0
008 201203s2020 xr gr 000 0 cze
020 |a 9788090732469  |q (brožované) 
040 |a SNK  |b slo  |c SNK  |e rda 
041 0 |a cze 
043 |a e------ 
044 |a xr  |c CZ 
072 7 |a 94(4)  |x Dejiny Európy  |2 konspekt 
080 |a 930.2  |2 2011 
080 |a 930.1:303.833.5  |2 2011 
080 |a (=16)  |2 2011 
080 |a 316.323.2  |2 2011 
080 |a 316.356-027.12  |2 2011 
080 |a (=16:4)  |2 2011 
080 |a (4)  |2 2011 
080 |a (048.8)  |2 2011 
080 |a (0:82-9)  |2 2011 
100 1 |a Přikryl, František,  |d 1857-1939  |4 aut  |9 114493 
245 1 0 |a Zeměpisný zlomek o zemích Slovanů v Královské knihovně mnichovské z doby sv. Cyrilla a Methoda  |c František Přikryl 
250 |a Vydání 2. 
264 1 |a [Bílovice]  |b Černý Drak  |c 2020 
300 |a 191 strán  |c 17 cm 
336 |a text  |b txt  |2 rdacontent 
337 |a bez média  |b n  |2 rdamedia 
338 |a zväzok  |b nc  |2 rdacarrier 
490 1 |a Slovanská knihovnička 
500 |a Údaj o mieste vydania zistený z externých zdrojov 
504 |a Obsahuje bibliografické odkazy 
648 7 |a 9. storočie  |2 SNKPH  |9 281670 
648 7 |a 9th century  |2 SNKPHeng  |9 333231 
650 0 7 |a historické pramene  |2 SNKPH  |9 1975 
650 0 7 |a interpretácia dejín  |2 SNKPH  |9 182578 
650 0 7 |a Slovania  |2 SNKPH  |9 18587 
650 0 7 |a kmeňové spoločenstvá  |2 SNKPH  |9 4693 
650 0 7 |a etnogenéza  |2 SNKPH  |9 58716 
650 0 7 |a Historical sources  |2 SNKPHeng  |9 283064 
650 0 7 |a interpretation of history  |2 SNKPHeng  |9 309872 
650 0 7 |a Slavs  |2 SNKPHeng  |9 297567 
650 0 7 |a tribal societies  |2 SNKPHeng  |9 351559 
650 0 7 |a Ethnogenesis  |2 SNKPHeng  |9 282672 
651 7 |a slovanské krajiny  |2 SNKPHgeo  |9 148339 
651 7 |a Európa  |2 SNKPHgeo  |9 167569 
651 7 |a Slavic countries  |2 SNKPHeng  |9 266121 
651 7 |a Europe  |2 SNKPHeng  |9 56249 
655 7 |a štúdie  |2 SNKPH  |9 57033 
655 7 |a texty  |2 SNKPH  |9 70511 
655 7 |a Studies  |2 SNKPHeng  |9 265573 
655 7 |a Texts  |2 SNKPHeng  |9 302902 
830 0 |a Slovanská knihovnička  |9 507137 
919 |a 978-80-907324-6-9 
958 |a NB 
958 |a CZ 
999 |c 782816  |d 784746 
952 |a SNK  |b SNK  |c SNK_STHKF  |y PREZ  |7 0  |p 17A1467140  |o snkID 101981  |i snk2021/15831  |8 4  |g 8.10  |0 0  |1 0  |4 0  |d 2021-07-15  |l 0  |r 2026-02-24 01:10:05  |w 2026-02-24